Los Mayas: historia de un pueblo indómito
Kaydedildi:
| Yazar: | |
|---|---|
| Materyal Türü: | Kitap |
| Dil: | İspanyolca |
| Baskı/Yayın Bilgisi: |
Madrid
Silex Ediciones S. L
2007
|
| Edisyon: | 1a. ed |
| Seri Bilgileri: | Historia
|
| Konular: | |
| Etiketler: |
Etiketle
Etiket eklenmemiş, İlk siz ekleyin!
|
MARC
| LEADER | 00000cam a2200000 a 4500 | ||
|---|---|---|---|
| 001 | UCC5612 | ||
| 003 | CL-VaPUC | ||
| 008 | 181021e20070000sp |||||||||||||||||spa|d | ||
| 020 | |a 9788477371908 | ||
| 082 | 0 | 4 | |a 972.004 |b PER |2 21 |
| 100 | 0 | |a Pérez López-Portillo, Raúl |e author |9 599969 | |
| 245 | 1 | 4 | |a Los Mayas: historia de un pueblo indómito |
| 250 | |a 1a. ed | ||
| 300 | |a 419 p | ||
| 942 | |c BK | ||
| 945 | |d 20181021 19:29:00 |a dcastane | ||
| 260 | |a Madrid |b Silex Ediciones S. L |c 2007 | ||
| 650 | 0 | |a Culturas precolombinas |9 408769 | |
| 650 | 7 | |a MAYAS |2 CL-VaPUC |9 267590 | |
| 650 | 7 | |a CIVILIZACION MAYA |2 CL-VaPUC |9 267996 | |
| 650 | 0 | |a Antropología cultural y social |9 265143 | |
| 650 | 0 | |a Arqueología |9 265619 | |
| 583 | |a last modification |c 20181021 19:29:00 |k Rodrigo Vera | ||
| 490 | 0 | |a Historia | |
| 999 | |c 372785 |d 372783 | ||
| 952 | |0 0 |1 0 |3 erb |4 0 |6 972_004000000000000_PER_2007 |7 0 |8 A |9 490606 |a BIBHIS |b BIBHIS |i 5508827 |o 972.004 PER 2007 |p 5508827 |r 2025-01-20 |w 2019-11-24 |y BK |z Catalogado en:20181021 |k HIS | ||